000 00583nam a22001817a 4500
003 DO-SdBNP
005 20220126101924.0
008 220126b2016 ||||| |||| 00| 0 spa d
040 _aDO-SdBNP
_bspa
_cBNPHU
082 _axxx
_bC748L
110 _aConferencia del Episcopado Dominicano
_957163
245 _aLineas-guia para tratar los casos de denuncia de abuso sexual de menores por parte de clérigos
260 _aSanto Domingo :
_bConferencia del Episcopado Dominicano
300 _a49 p. ;
_c23 cm
590 _aInventariado, 2022 / DG
910 _aD/G
942 _2ddc
_cLBS1
999 _c51227
_d51227